00552nam a2200181 a 450000100100000000500170001000800410002702000150006804000250008308200220010810000160013024500840014625000110023026000400024130000290028149000300031083000300034000003549520200930074402.0111102s1987 sp a 000 0 spa d a8432956120 aDO-SdBNPbspacBNPHU axxxxbC837s, 19891 aCosta, Joan10aSeñalética :bde la señalización al diseño de programa /cJoan Costa. a2a ed. aBarcelona :bEdiciones Ceac,c1987. a256 p. :bils. ;c26 cm.1 aEnciclopedia del diseño 0aEnciclopedia del diseño